[Event "Bad Woerishofen op"]
[Site "Bad Woerishofen"]
[Date "2001.??.??"]
[Round "2"]
[White "Hoennekes, Klaus"]
[Black "Foehl, Frithjof"]
[Result "1-0"]
[WhiteElo "2087"]
[BlackElo "1840"]
[Annotator "ChessOrg"]
[PlyCount "133"]
[EventDate "1998.03.05"]
[Source "ChessBase"]
[SourceDate "1998.04.29"]

1. e4 {B24: Sizilianisch (Geschlossenes System)} 1... c5 2. Nc3 Nc6 3. g3 e6 4.
Bg2 Nf6 5. f4 d5 6. e5 Nd7 7. Nf3 Be7 8. d3 8... f6 {letzter Buchzug} 9. exf6
Nxf6 10. O-O Bd7 11. Re1 d4 (11... O-O 12. Bh3 $14) 12. Ne4 Qc7 (12... Nxe4 $5
13. Rxe4 13... O-O $14) 13. Neg5 $16 13... Nd8 14. Bh3 Qb6 15. Qe2 h6 16. Nxe6
Nxe6 17. Bxe6 Bxe6 18. Qxe6 Qxe6 19. Rxe6 Kd7 20. Re1 Bd6 21. b3 Rhe8 22. Bd2
Nd5 23. a4 Re7 24. Rxe7+ Bxe7 25. Ne5+ Ke6 26. Re1 Kf6 27. Kf2 Rd8 28. Kf3 g6
29. Nc4 Kg7 30. Re5 Bf6 31. Re2 Be7 32. h3 Bf6 33. g4 Rf8 34. Kg2 (34. Nd6
34... b6 $18) 34... Bd8 $16 35. Re5 (35. Nd6 b5 36. Kg3 bxa4 37. bxa4 g5 38.
Nf5+ 38... Kg6 $16) 35... Nxf4+ $14 36. Bxf4 Rxf4 37. Rxc5 Bh4 (37... Rf7 $5
$16) 38. Rc7+ $18 38... Kf6 39. Nd6 (39. Rxb7 $5 $142 39... Rf2+ 40. Kg1 Rxc2
41. Rxa7 $18) 39... Rf2+ $14 40. Kg1 Ke6 41. Ne4 Re2 42. Rxb7 (42. g5 $142
42... Bxg5 43. Rxb7 Rxc2 44. Rxa7 $16) 42... Rxc2 $4 (42... Re1+ $142 43. Kg2
Re2+ 44. Kh1 Re1+ 45. Kh2 Re2+ 46. Kg1 Re1+ 47. Kg2 Re2+ 48. Kf3 Re3+ 49. Kg2
49... Re2+ $11) 43. Rxa7 $18 43... Rc1+ 44. Kg2 Ke5 45. b4 Rd1 46. Nc5 Rd2+ 47.
Kg1 $4 (47. Kf1 $18 $142) 47... Rd1+ $11 48. Kg2 Rd2+ 49. Kf1 Kf4 (49... Rd1+
50. Ke2 Re1+ 51. Kd2 $18) 50. Rf7+ Ke3 51. a5 Rd1+ 52. Kg2 Rd2+ 53. Kg1 Bf2+
54. Kf1 54... Bh4 $2 (54... Rd1+ $142 55. Kg2 Rg1+ 56. Kh2 56... Rf1 $16) 55.
a6 $18 55... Rd1+ 56. Kg2 Rd2+ 57. Kg1 Bg3 (57... Rc2 58. a7 Ra2 59. Nb3 Bf2+
60. Rxf2 Rxa7 61. Nc5 $18) 58. Ne4 (58. Nb3 $5 58... Ra2 59. Re7+ Kf4 60. Re4+
60... Kg5 $18) 58... Bh2+ 59. Kh1 Rxd3 (59... Ra2 60. Rf2 Rxa6 61. Kxh2 $18)
60. Kxh2 (60. Re7 $142 60... Ra3 61. Kxh2 $18) 60... Kxe4 61. b5 Ra3 62. a7 d3
(62... Ra2+ 63. Kg3 Ra3+ 64. Kh4 64... d3 $18) 63. b6 Ra2+ 64. Kg3 (64. Kg1
64... g5 $18) 64... d2 65. Rd7 (65. Rf1 Ra3+ 66. Kg2 66... Ra2 $18) 65... Ke3 (
65... Ra3+ 66. Kh4 g5+ 67. Kh5 Rxh3+ 68. Kg6 $18) 66. Rxd2 $3 66... Kxd2 67. b7
(67. b7 Rxa7 68. b8=Q Ra3+ 69. Kg2 $18) 1-0

[Event "Bad Woerishofen op"]
[Site "Bad Woerishofen"]
[Date "2001.??.??"]
[Round "4"]
[White "Hoennekes, Klaus"]
[Black "Eschle, Hubert"]
[Result "1-0"]
[WhiteElo "2087"]
[BlackElo "1875"]
[Annotator "ChessOrg"]
[PlyCount "91"]
[EventDate "1998.03.05"]
[Source "ChessBase"]
[SourceDate "1998.04.29"]

1. e4 {B06: Moderne Verteidigung} 1... g6 2. d4 Bg7 3. Nc3 d6 4. f4 c5 5. d5
5... f5 {letzter Buchzug} 6. Bb5+ Bd7 7. Bxd7+ Qxd7 8. exf5 Qxf5 9. Nf3 (9.
Nge2 $5 $14) 9... Bxc3+ $15 10. bxc3 Qe4+ 11. Kf2 (11. Qe2 $5 11... Qxd5 12. c4
$11) 11... Nf6 $15 12. Re1 Qxd5 13. Qe2 Nc6 14. Rb1 b6 15. Kg1 O-O 16. c4 Qf5
17. Bb2 (17. Nh4 Qg4 18. Nf3 18... Rae8 $17) 17... Rae8 18. g3 Nd7 (18... e5
19. Qg2 $19) 19. Nh4 Qf7 20. Rf1 Na5 (20... e5 21. Qe4 Nd4 22. f5 Qxc4 23. Bxd4
exd4 24. Qb7 $19) 21. Rbe1 (21. f5 Qxc4 22. Qd2 Qxa2 23. Qg5 $11) 21... Qxc4
22. Qg4 Nf6 (22... Qxa2 $6 23. Nxg6 Qxb2 24. Nxf8+ Kxf8 25. Qxd7 $11) 23. Qg5 (
23. Bxf6 Rxf6 24. Qd7 $19) 23... Qxc2 (23... Qxa2 $142 24. Rb1 24... Ne4 $19)
24. Rf2 $17 24... Ne4 25. Rxc2 Nxg5 26. fxg5 Nc6 (26... e5 27. Ng2 $15) 27. Rd2
$11 27... Nd8 28. Kg2 Nf7 29. Nf3 e5 30. h4 e4 (30... b5 $5 $11 $142) 31. Nh2
$16 31... e3 32. Rde2 d5 (32... h5 33. Rxe3 Rxe3 34. Rxe3 $16) 33. Rxe3 (33.
Ng4 $5 $142 33... Re6 34. Rxe3 Rxe3 35. Nf6+ (35. Nxe3 $6 35... d4 $14) 35...
Kg7 36. Nxd5+ Re5 37. Bxe5+ (37. Rxe5 $6 37... Nxe5 38. Bxe5+ 38... Kf7 $11)
37... Nxe5 38. Rxe5 $18) 33... Rxe3 $16 34. Rxe3 d4 35. Re1 Nd6 36. Ng4 Nc4 37.
Bc1 37... d3 $2 (37... Rd8 38. Re4 $16) 38. Re7 $4 (38. Nh6+ $142 38... Kh8 39.
Rd1 $18) 38... Rd8 $14 39. Rxa7 d2 40. Bxd2 Rxd2+ 41. Kh3 Na5 (41... Kf8 $5 $14
$142) 42. Nf6+ $16 42... Kf8 43. Nxh7+ Ke8 44. Nf6+ 44... Kd8 $2 (44... Kf8 $18
$142) 45. h5 gxh5 46. g6 (46. g6 Nc6 47. Ra8+ Kc7 48. g7 $18) 1-0

[Event "Bad Woerishofen op"]
[Site "Bad Woerishofen"]
[Date "2001.??.??"]
[Round "6"]
[White "Hoennekes, Klaus"]
[Black "Platten, Herbert"]
[Result "1/2-1/2"]
[WhiteElo "2087"]
[BlackElo "1900"]
[Annotator "ChessOrg"]
[PlyCount "86"]
[EventDate "1998.03.05"]
[Source "ChessBase"]
[SourceDate "1998.04.29"]

1. e4 {C02: Franzoesische Verteidigung (Vorstossvariante)} 1... e6 2. d4 d5 3.
e5 c5 4. c3 Bd7 5. Nf3 Nc6 6. Be3 6... cxd4 {letzter Buchzug} 7. cxd4 Nh6 8.
Bxh6 gxh6 9. Nc3 a6 10. Be2 Qb6 11. Qd2 O-O-O (11... Rg8 12. Rg1 $14) 12. O-O-O
(12. Rc1 12... Qb4 $16) 12... Bb4 (12... Kb8 13. Kb1 $14) 13. Kb1 Kb8 14. Rc1
Rc8 15. Rhd1 (15. Qxh6 Ne7 16. Qd2 16... Rhg8 $16) 15... Ne7 16. Ka1 Qa5 17.
Bd3 Ba4 18. Re1 Bb3 19. Bb1 Rhg8 20. g3 Rc7 21. Re3 Rgc8 22. Ng1 (22. Bxh7 $143
22... Bxa2 23. h3 Bc4+ 24. Kb1 24... Nc6 $19) 22... Nf5 23. Rf3 Bc4 (23... h5
$5 $11) 24. g4 $16 (24. Bxf5 $6 24... exf5 25. a3 25... Bf8 $11) 24... Nh4 25.
Rh3 Ng6 26. f4 (26. Rxh6 Nf8 27. h3 $16 (27. Bxh7 $2 27... Qxa2+ 28. Nxa2 Bxd2
29. Rxc4 29... Rxc4 $19 (29... Bxh6 $143 30. Rxc7 Kxc7 31. Bc2 $15) (29... dxc4
$143 30. Rh5 $17))) 26... Ne7 $2 (26... Bf8 $14 $142) 27. Rxh6 $18 (27. Bxh7
Bxa2 28. Qf2 28... Rh8 $19) 27... Bxa2 (27... Rh8 $18) 28. Bxa2 Rxc3 29. Rxc3
$4 (29. Qxc3 Rxc3) 29... Rxc3 $11 30. Qd1 Ba3 31. Ne2 (31. bxa3 Nf5) 31...
Bxb2+ 32. Kxb2 32... Qb4+ $2 (32... Qa3+ $5 33. Ka1 Ng6 34. Rxg6 (34. Rxh7 $2
34... Nxf4 35. Rxf7 35... Nxe2 $19) 34... hxg6 35. Nxc3 Qxc3+ 36. Kb1 $18) 33.
Bb3 (33. Ka1 $5 $142 33... Re3 34. Rxh7 $18) 33... Re3 34. Rxh7 Nc6 35. Rxf7 (
35. h4 Na5 36. Nc1 (36. Rxf7 $4 36... Nc4+ 37. Kb1 Rxb3+ 38. Qxb3 Qxb3+ 39. Kc1
Qb2+ 40. Kd1 Qd2#) 36... Nxb3 37. Nxb3 Qc3+ 38. Ka3 $11) 35... Na5 $11 36. Nc1
Nc4+ 37. Kb1 Rc3 38. f5 exf5 39. Rxf5 Ne3 40. Qd2 Rxc1+ 41. Kxc1 (41. Qxc1
Qxb3+) 41... Qxb3 42. Rf3 (42. Rf2 $16 $142) 42... Qc4+ $11 43. Kb1 Qb3+
1/2-1/2

[Event "Bad Woerishofen op"]
[Site "Bad Woerishofen"]
[Date "2001.??.??"]
[Round "8"]
[White "Hoennekes, Klaus"]
[Black "Stelzer, Wolfgang"]
[Result "1-0"]
[WhiteElo "2087"]
[BlackElo "1818"]
[Annotator "ChessOrg"]
[PlyCount "227"]
[EventDate "1998.03.05"]
[Source "ChessBase"]
[SourceDate "1998.04.29"]

1. e4 {B25: Sizilianisch (Geschlossenes System)} 1... c5 2. Nc3 d6 3. g3 g6 4.
Bg2 Bg7 5. d3 Nf6 6. f4 Nc6 7. Nf3 7... Qb6 {letzter Buchzug} 8. O-O e6 9. h3
a6 10. Kh2 Qc7 11. Ne2 O-O 12. Nh4 Rb8 13. g4 Nd4 14. Nxd4 cxd4 15. g5 Ne8 16.
Bd2 (16. f5 d5+ 17. Kh1 dxe4 18. dxe4 18... e5 $14) 16... f5 (16... f6 $5 $11
$142) 17. exf5 $14 17... gxf5 (17... exf5 $2 18. Bd5+ Kh8 19. Qe1 $18) 18. Rc1
Qb6 19. b3 Bd7 20. Qe1 d5 (20... Rc8 21. Nf3 $14) 21. Qe2 (21. Nf3 21... Nd6
$16) 21... Rc8 22. Rg1 Qd6 23. Kh1 (23. Nf3 23... Nc7 $16) 23... Qa3 24. Bf3
Qxa2 (24... a5 $5 $11 $142) 25. Bb4 $16 25... Nc7 $4 (25... Qb2 26. Bh5 $16)
26. Bxf8 (26. Ra1 $142 26... Qb2 27. Rgb1 (27. Bxf8 $6 27... Rxf8 28. g6 28...
Be8 $16) 27... Qxb1+ 28. Rxb1 $18) 26... Bxf8 27. Rg2 (27. g6 $5 27... h6 28.
g7 $18) 27... Qa3 28. Rcg1 Bd6 29. Qf2 (29. Qd2 29... Kg7 $16) 29... Qc5 (29...
Bxf4 $5 30. Qxd4 30... e5 $14) 30. Bd1 Ne8 (30... Kg7 31. g6 h6 32. Qg3 $16)
31. Qf3 (31. g6 $5 31... h6 32. g7 $18) 31... Ng7 $16 32. Rf2 Be8 33. Qg3 Qc7
34. g6 h6 35. Ng2 Be7 36. Ne1 Qd8 (36... b5 $16 $142) 37. Ng2 (37. Nf3 $5 $16)
37... Rc3 (37... Qc7 38. Bf3 38... Bg5 $16) 38. Rff1 a5 39. Qf2 (39. Ne1 39...
Qd6 $16) 39... Bf6 40. Bf3 (40. Ne1 $5 $14 $142) 40... Qc7 41. Rc1 (41. Qg3
Rxc2 42. Ra1 42... Rc3 $15) 41... Bb5 (41... Bxg6 $5 $142 42. Qd2 42... Be8 $15
) 42. Qd2 $14 42... Be7 43. Rgf1 (43. Ra1 $5 $11) 43... Ba3 44. Rcd1 (44. Ra1
$5 44... Rxc2 45. Qe1 $11) 44... Rxc2 $17 45. Qe1 Be7 46. Rd2 Rc3 47. Qb1 Be8
48. Rg1 Bd6 49. Qd1 Qb6 (49... Bxf4 50. Nxf4 Qxf4 51. Rgg2 $19) 50. Ra2 $2 (50.
Qe1 $142 50... Qd8 51. Qg3 $17) 50... Qc7 $4 (50... Qxb3 51. Qe2 Rxd3 52. Rf1
$19) 51. Rf1 $4 (51. Rd2 Bxf4 52. Nxf4 Qxf4 53. Rgg2 $19) 51... b6 (51... Bxg6
52. Rg1 Be8 53. Rf2 $19) 52. Be2 (52. Rg1 Bxf4 53. Nxf4 53... Qxf4 $19) 52...
Bb4 (52... Bxg6 53. Rg1 $19) 53. Qe1 Be7 (53... Bxg6 54. Qf2 $19) 54. Qd1 (54.
Qg3 Rxb3 55. Rg1 55... b5 $19) 54... Qc5 (54... Bxg6 55. Rg1 $19) 55. Ra1 (55.
Ne1 55... Bd6 $19) 55... Qb4 56. Rb1 Bb5 (56... Bxg6 $5 $142 57. Ne1 57... Bd6
$19) 57. Ne1 $17 57... Qc5 58. Ng2 Be8 (58... Qd6 $17) 59. Rg1 $4 (59. Ra1 Bxg6
60. Rf3 $19) 59... Qc7 60. Bh5 Bd6 61. Rf1 Nxh5 62. Qxh5 Kg7 63. Qe2 Bd7 64.
Qf3 Qc5 (64... Bb5 65. Ne1 $17) 65. Ne1 Qb4 66. Qd1 (66. Qf2 $15) 66... Qc5 (
66... Bc7 67. Nc2 Qb5 68. Rf3 $17) 67. h4 (67. Qf3 $5 $11) 67... Qc7 68. Qd2 (
68. Qf3 68... Bb5 $15) 68... Bb5 69. h5 Qe7 70. Qe2 (70. Qh2 $5 $17 $142) 70...
Qh4+ $19 71. Kg1 $2 (71. Qh2 $142 71... Qxh2+ 72. Kxh2 Bxd3 73. Nxd3 Rxd3 74.
Kg2 $19) 71... Bxd3 $4 (71... Bxf4 $142 72. Rxf4 72... Qxf4 $19) 72. Qxe6 $15
72... Qe7 73. Qxe7+ Bxe7 74. Nxd3 Rxd3 75. Rfd1 Rh3 76. Kg2 Rxh5 77. Rxd4 Rh4
78. Kg3 Rg4+ 79. Kf3 Kxg6 (79... Bd6 80. Rc1 Be5 81. Rxd5 Rxf4+ 82. Kg2 Rg4+
83. Kf3 Rg3+ 84. Kf2 $11) 80. Rxd5 $11 80... h5 (80... Rh4 $5 $11) 81. Re1 $14
81... Bc5 82. Re6+ Kf7 83. Rc6 (83. Rh6 $5 $18) 83... Rh4 $16 84. Rxf5+ Ke7 85.
Rg5 Rh3+ (85... Kf7 86. Rd5 $16) 86. Ke4 (86. Rg3 $5 86... Rh1 87. Rg7+ Kf8 88.
Ra7 Rh3+ 89. Ke4 Re3+ 90. Kf5 $18) 86... Re3+ $14 87. Kf5 Kd7 88. Rh6 Rxb3 89.
Rg7+ Be7 90. Rhh7 Re3 91. Rxh5 Kc6 92. Rhh7 (92. Rg6+ Bd6 93. Rh1 93... Rd3 $16
) 92... Bd6 $11 93. Rf7 (93. Rh8 93... a4 $11) 93... a4 94. Kg4 (94. Rf6 $5 $11
) 94... a3 95. Ra7 Kc5 96. Rh2 Kb4 97. Rh6 (97. Kf5 97... Bc5 $15) 97... Bc5
$17 98. Rh1 b5 99. Ra6 Bd4 (99... Kc4 $5 $17 $142) 100. f5 $11 100... Kb3 101.
f6 b4 102. f7 Bc5 103. Kf5 (103. Ra8 Ka2 104. Rc1 104... Bd6 $18) 103... Bf8 (
103... Kb2 104. Rh2+ Kb1 105. Rc6 $11) 104. Rd1 (104. Ra8 Bd6 105. Re8 $16)
104... Rf3+ $15 105. Ke6 Bg7 106. Re1 $4 (106. Ke7 $11 $142) 106... Rxf7 (
106... Rf6+ $142 107. Kd5 Rxa6 108. Rb1+ 108... Ka4 $19) 107. Kxf7 $18 107...
Bd4 108. Re8 (108. Ke6 Bc3 109. Re4 109... Kc2 $18) 108... Bc3 (108... a2 109.
Re1 $18) 109. Rea8 Kb2 110. Ke6 Kc2 111. Kd5 b3 (111... Kb3 $18) 112. Kc4 (112.
Rxa3 $142 112... b2 113. Rb8 $18) 112... a2 $14 113. Rg6 a1=Q 114. Rg2+ (114.
Rg2+ Kc1 115. Rxa1+ Bxa1 116. Kxb3 $14) 1-0

[Event "Bad Woerishofen op"]
[Site "?"]
[Date "2001.??.??"]
[Round "1"]
[White "Hofmann, Juergen"]
[Black "Stoffel, Matthias"]
[Result "1-0"]
[WhiteElo "2181"]
[BlackElo "1800"]
[Annotator "ChessOrg"]
[PlyCount "47"]
[EventDate "2000.??.??"]

1. e4 {B21: Sizilianisch} 1... c5 2. d4 cxd4 3. c3 dxc3 4. Nxc3 Nc6 5. Nf3 d6
6. Bc4 e6 7. O-O Nf6 8. Qe2 Qc7 9. Rd1 a6 10. Be3 {letzter Buchzug} 10... Be7
11. Rac1 O-O 12. Na4 Nd7 (12... Nxe4 $6 13. Bb6 Qb8 14. Qxe4 $11) 13. Bb3 b5
14. Nc3 Qb7 15. Nd5 $2 (15. a3 $5 $15 $142) 15... exd5 $17 16. Bxd5 Ndb8 17.
Nd4 Bd7 18. Nf5 (18. Qf3 18... a5 $19) 18... Bxf5 19. exf5 a5 20. Qg4 Kh8 (
20... Bf6 21. Bd4 Bxd4 22. Rxd4 22... Re8 $17) 21. Bd4 $11 21... f6 $2 (21...
Bf6 22. Bxf6 22... gxf6 $16) 22. Rd3 $18 22... Bd8 $4 (22... Ne5 23. Bxe5 Qxd5
24. Rxd5 fxe5 25. Rxb5 25... Ra7 $18) 23. Qg6 $3 23... h6 (23... hxg6 24. Rh3#)
24. Rh3 (24. Rh3 Qf7 25. Rxh6+ gxh6 26. Qxh6+ Kg8 27. Rc3 Qxd5 28. Qg6+ Kh8 29.
Rh3#) 1-0

[Event "Bad Woerishofen op"]
[Site "Bad Woerishofen"]
[Date "2001.??.??"]
[Round "3"]
[White "Hofmann, Juergen"]
[Black "Hutter, Otto"]
[Result "1-0"]
[WhiteElo "2181"]
[BlackElo "2210"]
[Annotator "ChessOrg"]
[PlyCount "74"]
[EventDate "1998.03.05"]
[Source "ChessBase"]
[SourceDate "1998.04.29"]

1. e4 {C10: Franzoesische Verteidigung (Rubinstein-Variante)} 1... e6 2. d4 d5
3. Nc3 dxe4 4. Nxe4 Bd7 5. Bd3 Bc6 6. c3 Bxe4 7. Bxe4 c6 8. Nf3 Nf6 9. Bc2 Bd6
10. O-O Nbd7 11. Qd3 {letzter Buchzug} 11... Qc7 12. b4 a5 13. Bd2 axb4 14.
cxb4 Nd5 15. a3 Bf4 16. Be3 g6 17. g3 Nxe3 (17... Bd6 18. Rfc1 $15) 18. fxe3
$11 18... Bh6 19. Nd2 O-O 20. Bb3 Rae8 21. e4 (21. Ne4 21... Bg7 $11) 21... Ne5
22. Qc3 (22. dxe5 $143 22... Rd8 23. Qc3 23... Bxd2 $17) 22... Rd8 23. Rad1 Qb6
24. Nf3 Bg7 (24... Nxf3+ $5 $142 25. Rxf3 25... Bg7 $17) 25. Ne1 $11 (25. Nxe5
$143 25... Bxe5 26. Qf3 Bxd4+ 27. Kh1 27... Qc7 $17) 25... Rd7 26. Nc2 Rfd8 27.
Kg2 Ng4 28. Qf3 h5 29. h3 Nh6 30. Rd3 (30. g4 hxg4 31. hxg4 Bxd4 32. Nxd4 32...
Rxd4 $14) 30... Bxd4 31. Rfd1 e5 (31... Kg7 32. e5 $11) 32. g4 $14 32... hxg4
33. hxg4 33... c5 $2 (33... g5 $5 34. Qf6 Rd6 35. Qxg5+ Kh7 36. Bxf7 Nxf7 37.
Rh1+ 37... Nh6 $16) 34. g5 $16 34... cxb4 $2 (34... c4 35. Bxc4 Qc6 36. gxh6
36... Qxc4 $18) 35. axb4 Rc8 (35... Kg7 36. gxh6+ Kxh6 37. Nxd4 exd4 38. Qf4+
Kg7 39. Rh1 $18) 36. Qh3 (36. gxh6 $5 $142 36... Rcc7 37. Nxd4 Rxd4 38. Qg3
Rxd3 39. Qxe5 (39. Qxd3 Qxb4 40. Qd8+ Kh7 41. Qxc7 Qxe4+ 42. Kf2 Qf4+ 43. Ke2
Qh2+ 44. Ke1 Qg3+ 45. Kd2 45... Qxb3 $18) (39. Rxd3 $6 39... Qf6 $18) 39...
Rg3+ 40. Qxg3 $18 (40. Kxg3 $6 40... Qe3+ 41. Kg4 Qe2+ 42. Kh3 Qe3+ 43. Kh4
Qf2+ 44. Kg5 Qg2+ 45. Kh4 Qf2+ 46. Kh3 Qe3+ 47. Kh2 Qf2+ 48. Kh1 Qf3+ 49. Kg1
Qe3+ 50. Kf1 Qf3+ 51. Ke1 Qe3+ 52. Kf1 Qf3+ 53. Kg1 Qe3+ 54. Kg2 Qe2+ 55. Kh1
Qf3+ 56. Kh2 Qf2+ 57. Kh1 57... Qf3+ $11)) 36... Qc6 37. Nxd4 (37. Qxh6 Qxe4+
38. Kh3 Qf5+ 39. Kg2 Qg4+ 40. Kh2 Bg1+ 41. Rxg1 Qe2+ 42. Rg2 42... Qxd3 $17)
37... Qxe4+ 1-0

[Event "Bad Woerishofen op"]
[Site "Bad Woerishofen"]
[Date "2001.??.??"]
[Round "5"]
[White "Hofmann, Juergen"]
[Black "Minnaar, Michelle"]
[Result "0-1"]
[WhiteElo "2181"]
[BlackElo "2029"]
[Annotator "ChessOrg"]
[PlyCount "72"]
[EventDate "1998.03.05"]
[Source "ChessBase"]
[SourceDate "1998.04.29"]

1. e4 {B21: Sizilianisch (Morra-Gambit 2.f4)} 1... c5 2. d4 cxd4 3. c3 dxc3 4.
Nxc3 Nc6 5. Nf3 d6 6. Bc4 a6 7. O-O Nf6 8. Be3 {letzter Buchzug} 8... Bg4 9.
Qb3 e6 10. Bb6 Qb8 11. Nd5 $4 (11. Be2 $17 $142) 11... exd5 $19 12. exd5 Ne7 (
12... Ne5 13. Nxe5 dxe5 14. f3 $19) 13. Rfe1 Nd7 14. Qa4 f6 15. Bb3 h5 (15...
Kf7 $5 16. Qxg4 Nxb6 17. Qe6+ 17... Ke8 $19) 16. Rac1 $17 16... Kf7 17. Bc7 Qa7
18. Bxd6 b5 19. Qe4 Bf5 20. Qe2 (20. Qd4 Nc8 21. Bxf8 Rxf8 22. Qf4 $18) 20...
Ng6 $4 (20... Ng8 21. Bb8 Qxb8 22. d6+ Kg6 23. Nh4+ Kh7 24. Qxh5+ Nh6 25. Nxf5
Bxd6 26. Nxh6 26... g6 $18) 21. Rc7 (21. Bb8 $1 $142 21... Nf4 22. Qe8+ Kg8 23.
Bxa7 Rxe8 24. Rxe8 $18) 21... Bxd6 $14 22. Rxa7 Rxa7 23. Nd4 Bg4 24. f3 Nf4 (
24... Nc5 25. fxg4 hxg4 26. g3 $16) 25. Qe3 (25. Qd2 Nc5 26. fxg4 Nxb3 27. axb3
27... Rd7 $16) 25... Raa8 (25... Nc5 26. fxg4 Re7 27. Qxe7+ Bxe7 28. d6+ Nxb3
29. Rxe7+ Kg6 30. Nxb3 $18) 26. fxg4 Rhe8 (26... hxg4 27. Ne6 Rae8 28. Qa7 $18)
27. Qd2 $18 27... Rxe1+ 28. Qxe1 Re8 29. Qd2 Re4 30. Ne6 (30. Kf1 Ne5 31. gxh5
31... Ned3 $18) 30... Re2 31. Qa5 (31. Qd4 $142 31... Rxg2+ 32. Kf1 Rxg4 33.
Qa7 $18) 31... Nd3 $15 32. g3 N7e5 33. Nd4 Bc5 34. Qc7+ (34. d6+ Ke8 35. Kh1
Bxd4 36. d7+ Kxd7 37. Be6+ Ke8 38. Bf7+ Kxf7 39. Qc7+ Kg6 40. gxh5+ Kxh5 41.
Qf7+ Kh6 42. Qg6+ Kxg6 43. h4 Nf3 44. h5+ Kg5 45. h6 Rh2#) 34... Kg6 35. gxh5+
Kh6 36. Qxc5 Re1+ (36... Re1+ 37. Kg2 37... Nxc5 $19) (36... Nxc5 37. Nxe2 Nxb3
38. axb3 Kxh5 39. Nf4+ Kg5 40. Ne6+ Kg6 41. Kf2 $16) 0-1

[Event "Bad Woerishofen op"]
[Site "Bad Woerishofen"]
[Date "2001.??.??"]
[Round "7"]
[White "Hofmann, Juergen"]
[Black "Huhn, Ulrich"]
[Result "1-0"]
[WhiteElo "2181"]
[BlackElo "2048"]
[Annotator "ChessOrg"]
[PlyCount "89"]
[EventDate "1998.03.05"]
[Source "ChessBase"]
[SourceDate "1998.04.29"]

1. e4 {B01: Skandinavische Verteidigung} 1... d5 2. exd5 Nf6 3. d4 Nxd5 4. g3 {
letzter Buchzug} 4... c6 5. Bg2 Bf5 6. Nf3 e6 7. O-O Nd7 8. Nh4 Bg6 9. c4 N5f6
10. d5 cxd5 11. cxd5 Nxd5 12. Bxd5 exd5 13. Qxd5 Be7 14. Nxg6 hxg6 15. Qxb7 Nf6
(15... Rc8 $5 $16 $142) 16. Re1 $18 16... Ng8 17. Nc3 Qc8 18. Qe4 Kf8 19. Bf4
g5 20. Be5 20... f6 $2 (20... Nf6 21. Bxf6 Bxf6 22. Nb5 $16) 21. Bd4 (21. Nb5
$5 $142 21... f5 22. Qd5 $18) 21... Rb8 $16 22. b3 Qh3 23. Qg2 Qxg2+ 24. Kxg2
Bb4 25. Re3 Rb7 26. Nd5 Bd6 27. Re6 Be7 28. Ra6 Rd7 29. Nxe7 Nxe7 30. Bxa7 Kf7
31. Bc5 Rc8 32. b4 Rb7 33. Rd1 Nc6 34. a3 Ne5 35. Rad6 (35. a4 35... g4 $18)
35... Rcc7 (35... Ra8 36. Ra1 $18) 36. a4 Nc4 37. R6d4 Nb2 38. Ra1 Rd7 39. a5 (
39. Rxd7+ $5 $142 39... Rxd7 40. a5 40... Nd3 $18) 39... Rxd4 40. Bxd4 Nc4 (
40... Rxb4 41. Bxb2 41... Rxb2 $18) 41. a6 Rb8 42. a7 (42. b5 $5 $142 42... Ke6
43. b6 Nxb6 44. Bxb6 44... Ra8 $18) 42... Ra8 43. Re1 Na3 44. Bc5 Nb5 45. Re7+
(45. Re7+ Kg6 46. h3 $18) 1-0

[Event "Bad Woerishofen op"]
[Site "Bad Woerishofen"]
[Date "2001.??.??"]
[Round "9"]
[White "Hofmann, Juergen"]
[Black "Werner, Clemens"]
[Result "1/2-1/2"]
[WhiteElo "2181"]
[BlackElo "2347"]
[Annotator "ChessOrg"]
[PlyCount "113"]
[EventDate "1998.03.05"]
[Source "ChessBase"]
[SourceDate "1998.04.29"]

1. e4 {B07: Pirc-Ufimzew-Verteidigung} 1... d6 2. d4 Nf6 3. Nc3 e5 4. dxe5 dxe5
5. Qxd8+ Kxd8 6. Bg5 Be6 7. Nf3 Nbd7 8. a3 {letzter Buchzug} 8... Be7 9. Rd1
Kc8 10. Bh4 Ng8 11. Bxe7 Nxe7 12. Ng5 Nf8 13. Nd5 Nxd5 14. Nxe6 (14. exd5 Bg4
15. Be2 Bxe2 16. Kxe2 16... f6 $14) 14... Nxe6 15. Rxd5 f6 16. g3 c6 17. Rd3
Nc5 18. Re3 Kc7 19. Bg2 a5 20. Ke2 Rhd8 21. Rd1 Rxd1 22. Kxd1 b5 23. f4 Kd6 (
23... Rd8+ 24. Kc1 $15) 24. Re2 $11 24... b4 25. Rd2+ Ke7 26. Kc1 Rb8 27. Rf2
g6 28. h4 Rd8 29. Rd2 Rg8 30. Rf2 h6 31. Bf3 Rd8 32. Rd2 Rd6 33. Bg2 bxa3 34.
bxa3 Na4 35. Bf1 (35. Rxd6 Kxd6 36. Kd2 Kc5 37. fxe5 37... fxe5 $15) 35... Nc3
$15 36. Bd3 Rd4 37. fxe5 fxe5 38. g4 Ke6 39. g5 hxg5 40. hxg5 Nxe4 41. c3 Nxc3
42. Bxg6 Rxd2 (42... Rg4 43. Be8 Rxg5 44. Bd7+ Ke7 45. Bxc6 $17) 43. Kxd2 $15
43... Nb5 44. a4 Nd6 45. Ke3 c5 46. Bd3 c4 47. Bc2 Nb7 48. Kd2 Nd6 (48... Kf7
49. Kc3 Nd6 50. Bb1 $15) 49. Kc3 Kd5 50. Bb1 Ke6 51. Kd2 (51. Bc2 51... Nf7 $15
) 51... Nf7 52. g6 Nd6 53. Kc3 Kf6 54. Bc2 Kg7 55. Bb1 e4 (55... Kf8 $5 $15)
56. Bxe4 Nxe4+ 57. Kxc4 1/2-1/2

[Event "Bad Woerishofen op"]
[Site "Bad Woerishofen"]
[Date "2001.??.??"]
[Round "2"]
[White "Hohner, Karl-Heinz"]
[Black "Grundl, Manfred"]
[Result "1/2-1/2"]
[WhiteElo "2059"]
[BlackElo "1800"]
[Annotator "ChessOrg"]
[PlyCount "66"]
[EventDate "1998.03.05"]
[Source "ChessBase"]
[SourceDate "1998.04.29"]

1. Nf3 {D16: Damengambit (Slawische Verteidigung, Lasker/Smyslow-Variante)}
1... c6 2. d4 d5 3. c4 Nf6 4. Nc3 dxc4 5. a4 Bg4 6. Ne5 6... e6 {
letzter Buchzug} 7. Nxg4 Nxg4 8. e4 Nf6 9. Bg5 (9. Bxc4 Bb4 10. Qb3 10... a5
$11) 9... h6 10. Bxf6 Qxf6 11. Bxc4 Bb4 (11... Nd7 12. e5 Qh4 13. g3 $11) 12.
O-O O-O 13. e5 Qe7 14. Ne4 Nd7 15. Qh5 Rad8 16. Rad1 Nb6 17. Bb3 Nd5 18. Qg4
Kh8 19. Rd3 f5 20. exf6 gxf6 (20... Nxf6 21. Nxf6 Rxf6 22. Re3 $11) 21. Qh5 (
21. Qh4 $5 $16) 21... Qh7 22. Qh4 f5 23. Bxd5 (23. Nc5 Rde8 24. Rh3 $11) 23...
fxe4 $4 (23... Be7 24. Qh5 fxe4 (24... cxd5 $6 25. Nc3 $11) (24... Rxd5 $6 25.
Nc3 $11) (24... exd5 $6 25. Nc5 $11) 25. Bxe4 Qxe4 26. Qxh6+ Qh7 27. Qxh7+
27... Kxh7 $19) 24. Bxe4 $16 24... Be7 25. Qg4 Qg8 26. Qh3 Rf6 27. Rg3 (27. Re1
27... Qf7 $16) 27... Qf7 (27... Qf8 28. Rd1 e5 29. Rb3 $14) 28. Rd1 e5 29. Rgd3
29... Bf8 $2 (29... exd4 $142 30. Rxd4 Rxd4 31. Rxd4 31... Qa2 $14) 30. dxe5
$18 30... Rxd3 31. Qxd3 Rxf2 32. Qd4 Re2 33. Rf1 (33. Bf3 $142 33... Rc2 34.
e6+ Qg7 35. Qxg7+ Kxg7 36. Rd7+ Kf6 37. Rf7+ Kxe6 38. Rxf8 Rxb2 39. Rh8 $18)
33... Rxe4 $16 1/2-1/2

[Event "Bad Woerishofen op"]
[Site "Bad Woerishofen"]
[Date "2001.??.??"]
[Round "4"]
[White "Hohner, Karl-Heinz"]
[Black "Specht, Helmut"]
[Result "1/2-1/2"]
[WhiteElo "2059"]
[BlackElo "1831"]
[Annotator "ChessOrg"]
[PlyCount "45"]
[EventDate "1998.03.05"]
[Source "ChessBase"]
[SourceDate "1998.04.29"]

1. e4 {B01: Skandinavische Verteidigung} 1... d5 2. exd5 Qxd5 3. Nc3 Qa5 4. d4
c6 5. Bc4 Nf6 6. Bd2 Qc7 7. Nf3 Bf5 8. Bb3 {letzter Buchzug} 8... e6 9. Qe2
Nbd7 10. h3 O-O-O 11. O-O-O h6 12. Rhe1 Nd5 13. Ne5 Nxc3 14. Bxc3 Nxe5 15. dxe5
Be7 16. Kb1 Rxd1+ 17. Rxd1 Rd8 18. Rxd8+ Qxd8 19. a3 Bc5 20. f3 Bg6 21. Bc4 Qg5
22. Bd2 Qd8 23. Bc3 1/2-1/2